• 首页
  • 本馆介绍
  • 公告通知
  • 最新文献
  • 馆藏检索
  • 电子资源
  • 读者导购
  • 参考咨询
  • 我的图书馆
  • 登录
  • 详细信息显示
  • 放入我的书架
  • 预约/预借图书
  • 作者相关作品
  • 分类相关作品
  • 丛书相关作品
  • 出版社相关作品

书目信息

  • 表格格式
  • 工作单格式
  • 卡片格式
题名:
无机化工工艺学
    
 
作者: f陈五平 主编
分册: 中册   硫酸、磷肥、钾肥
出版信息: 北京   化学工业出版社  2001
页数: 353页
开本: 26cm
丛书名:
单 册:
中图分类: TQ110.6
科图分类:
主题词: 无机化工--生产工艺--高等学校--教材 , 无机化工 , 生产工艺
电子资源:
ISBN: 7-5025-3306-0
000 00948nam0 2200265 450
001 04000077471
005 20050905082818.78
010    @a7-5025-3306-0@dCNY30.00
100    @a20031231e20032001ekmy0chiy0120 ea
101 0  @achi
102    @aCN@b110000
105    @aak z 000yy
200 1  @a无机化工工艺学@Awu ji hua gong gong yi xue@h中册@i硫酸、磷肥、钾肥@f陈五平主编
205    @a3版
210    @a北京@c化学工业出版社@d2001@h2003
215    @a353页@c图@d26cm
300    @a普通高等教育“九五”国家级重点教材
330    @a本书为《无机化工工艺学》中册,包括:硫酸、磷肥、钾肥。主要介绍硫酸、磷肥、复合肥料、复混肥料、液体肥料和钾肥的生产原理、生产方法、工艺流程、主要设备、工艺计算,以及三废治理和综合利用等。
606 0  @a无机化工@x生产工艺@x高等学校@j教材
606 0  @a无机化工
606 0  @a生产工艺
690    @aTQ110.6@v4
701  0 @af陈五平@Af chen wu ping@4主编
801  0 @aCN@bTSSF@c20050905
905    @a10447@dTQ110.6@e11:2=3
    
    无机化工工艺学.中册.硫酸、磷肥、钾肥/陈五平主编.-3版.-北京:化学工业出版社,2001(2003)
    353页:图;26cm
    普通高等教育“九五”国家级重点教材
    
    ISBN 7-5025-3306-0:CNY30.00
    本书为《无机化工工艺学》中册,包括:硫酸、磷肥、钾肥。主要介绍硫酸、磷肥、复合肥料、复混肥料、液体肥料和钾肥的生产原理、生产方法、工艺流程、主要设备、工艺计算,以及三废治理和综合利用等。
●
相关链接 在E读中查询图书 在五车中查询图书 在当当中查询图书 在豆瓣中查询图书


正题名:无机化工工艺学     索取号:TQ110.6/11:2=3         预约/预借

序号 登录号 条形码 馆藏地/架位号 状态 备注
1 0359847   3598477   第二样本阅览室/ [索取号:TQ110.6/11:2=3] 在馆    
2 0359848   3598486   第三借阅区/ [索取号:TQ110.6/11:2=3] 在馆    
3 0359849   3598495   第三借阅区/ [索取号:TQ110.6/11:2=3] 在馆    
唐山师范学院图书馆 欢迎您!
大连网信软件有限公司© 版权所有